[Event "Manaus op 2nd"]
[Site "Manaus"]
[Date "2023.10.14"]
[Round "5"]
[White "Pessoa, Marcio de Souza"]
[Black "Lima, Joao V De Siqueira "]
[Result "1-0"]
[WhiteElo "1856"]
[BlackElo "1596"]
[PlyCount "71"]
[EventDate "2023.10.11"]
[EventType "swiss"]
[EventRounds "9"]
[EventCountry "BRA"]
[SourceTitle "Mega2024 Update 01"]
[Source "Chessbase"]
[SourceDate "2023.11.12"]
[SourceVersion "1"]
[SourceVersionDate "2023.11.12"]
[SourceQuality "1"]

1. e4 e5 2. Nf3 Nc6 3. Bc4 Bc5 4. c3 d6 5. d4 exd4 6. cxd4 Bb4+ 7. Nc3 Nf6 8. Bg5 0-0 9. 0-0 Re8 10. Nd5 Rxe4 11. Qd3 Bf5 12. Qb3 Be6 13. Nxf6+ gxf6 14. d5 fxg5 15. dxe6 Na5 16. exf7+ Kf8 17. Qxb4 Nxc4 18. Qxb7 Re2 19. Qd5 Ne5 20. Nxg5 Qxg5 21. Qxa8+ Kxf7 22. f4 Nf3+ 23. Qxf3 Qc5+ 24. Kh1 Rxb2 25. f5 Kf6 26. Rae1 d5 27. Re6+ Kg7 28. f6+ Kf7 29. Re7+ Kf8 30. Qh5 Qxe7 31. fxe7+ Kxe7 32. Qxh7+ Kd6 33. Qh6+ Kc5 34. Qc1+ Rc2 35. Qxc2+ Kb4 36. Rb1+ 1-0

[Event "Manaus op 2nd"]
[Site "Manaus"]
[Date "2023.10.12"]
[Round "3"]
[White "Bezerra, Fabiano de Oliveira"]
[Black "Lima, Joao V De Siqueira "]
[Result "0-1"]
[WhiteElo "1935"]
[BlackElo "1596"]
[PlyCount "52"]
[EventDate "2023.10.11"]
[EventType "swiss"]
[EventRounds "9"]
[EventCountry "BRA"]
[SourceTitle "Mega2024 Update 01"]
[Source "Chessbase"]
[SourceDate "2023.11.12"]
[SourceVersion "1"]
[SourceVersionDate "2023.11.12"]
[SourceQuality "1"]

1. e4 e5 2. Nf3 Nc6 3. Bc4 Bc5 4. 0-0 Nf6 5. d3 h6 6. c3 d6 7. Re1 0-0 8. b4 Bb6 9. Bb3 Bg4 10. Nbd2 Qd7 11. Nc4 Ne7 12. Nxb6 axb6 13. Be3 Ng6 14. g3 Kh8 15. Qe2 Nh7 16. Bd1 f5 17. Bc1 f4 18. Qf1 fxg3 19. fxg3 Rf7 20. Qg2 Raf8 21. Nd2 Bh3 22. Qe2 Ng5 23. Qh5 Qe6 24. a4 Qf6 25. Qe2 Qf2+ 26. Qxf2 Rxf2 0-1

[Event "Manaus op 2nd"]
[Site "Manaus"]
[Date "2023.10.12"]
[Round "2"]
[White "Lima, Joao V De Siqueira "]
[Black "Bezerra, Maria Luiza Jacquim"]
[Result "1-0"]
[WhiteElo "1596"]
[BlackElo "1809"]
[PlyCount "79"]
[EventDate "2023.10.11"]
[EventType "swiss"]
[EventRounds "9"]
[EventCountry "BRA"]
[SourceTitle "Mega2024 Update 01"]
[Source "Chessbase"]
[SourceDate "2023.11.12"]
[SourceVersion "1"]
[SourceVersionDate "2023.11.12"]
[SourceQuality "1"]

1. c4 Nc6 2. g3 e5 3. Bg2 Nf6 4. Nc3 Bc5 5. e3 0-0 6. Nge2 Re8 7. d3 b6 8. 0-0 Bb7 9. Re1 Rb8 10. Rb1 Bb4 11. a3 Bd6 12. Nb5 Qe7 13. Nec3 a6 14. Nxd6 Qxd6 15. Qc2 Qe6 16. Ne4 Qf5 17. Nxf6+ Qxf6 18. b4 Nd8 19. Bb2 Ne6 20. Bxb7 Rxb7 21. c5 Ng5 22. Re2 Qf3 23. h4 Ne6 24. cxb6 Rxb6 25. Bxe5 d6 26. Ba1 Rc6 27. Qb2 f6 28. Rbe1 d5 29. Kh2 Nf8 30. h5 Qxh5+ 31. Kg2 Ng6 32. Rh1 Qf5 33. Rc2 Rxc2 34. Qxc2 d4 35. Qc4+ Kh8 36. Bxd4 h6 37. e4 Qg5 38. Be3 Qg4 39. Qf7 Rg8 40. Bxh6 1-0

[Event "Manaus op 2nd"]
[Site "Manaus"]
[Date "2023.10.11"]
[Round "1"]
[White "Cubas, Jose Fernando"]
[Black "Lima, Joao V De Siqueira "]
[Result "1-0"]
[WhiteElo "2411"]
[BlackElo "1596"]
[PlyCount "49"]
[EventDate "2023.10.11"]
[EventType "swiss"]
[EventRounds "9"]
[EventCountry "BRA"]
[SourceTitle "Mega2024 Update 01"]
[Source "Chessbase"]
[SourceDate "2023.11.12"]
[SourceVersion "1"]
[SourceVersionDate "2023.11.12"]
[SourceQuality "1"]

1. e4 e5 2. Nf3 Nc6 3. d4 exd4 4. Nxd4 d6 5. Nc3 Nf6 6. Bb5 Bd7 7. Bxc6 Bxc6 8. Nxc6 bxc6 9. Qf3 Be7 10. e5 dxe5 11. Qxc6+ Nd7 12. Be3 a6 13. 0-0-0 Bd6 14. Ne4 Ke7 15. Nxd6 cxd6 16. Qxd6+ Ke8 17. Rd5 Qe7 18. Qc6 Rd8 19. Rhd1 h5 20. Bb6 Qe6 21. Rd6 Qe7 22. Bxd8 Qxd8 23. Rxd7 Qxd7 24. Qxd7+ Kf8 25. Qd8# 1-0